000 00240nam a2200097Ia 4500
001 1211932
005 20250827024445.0
008 250824s9999 xx 000 0 und d
245 0 _aSAFİYE SULTAN
_cM. TURHAN TAN
260 _bPANAMA YAYINLARI
999 _c1211932
_d1211932